Strandspaziergang um Amerika - Statistiken

Allgemein
  • Dieses Quiz wurde 260 mal gespielt
  • Das Durchschnittsergebnis liegt bei 20 aus 30
Antwortstatistiken
Country % Korrekt
Argentinien
99%
Chile
99%
Uruguay
99%
Peru
98%
Ecuador
95%
Kolumbien
95%
Panama
93%
Costa Rica
89%
Nicaragua
85%
Kanada
82%
Mexiko
82%
Vereinigte Staaten
82%
Honduras
81%
Vereinigte Staaten
79%
El Salvador
78%
Guatemala
78%
Mexiko
54%
Belize
53%
Kanada
52%
Vereinigte Staaten
52%
Guatemala
47%
Honduras
45%
Nicaragua
42%
Costa Rica
40%
Panama
39%
Suriname
39%
Kolumbien
38%
Venezuela
38%
Guyana
36%
Frankreich
33%
Keine übereinstimmenden Quizze gefunden
Verteilung der Resultate
Anzahl Personen mit jedem Resultat
Perzentil nach korrekt beantworteten Fragen
Ihre Resultats-Entwicklung
Sie haben dieses Quiz noch nicht gespielt